LEADER 08339 am 22006613u 450 001 9910213855003321 005 20210113160224.0 010 $a1-78374-206-2 010 $a2-8218-8168-1 010 $a1-78374-205-4 035 $a(CKB)3710000000563115 035 $a(WaSeSS)IndRDA00058790 035 $a(MiAaPQ)EBC4340050 035 $a(FrMaCLE)OB-obp-2942 035 $a(oapen)https://directory.doabooks.org/handle/20.500.12854/27347 035 $a(PPN)202672492 035 $a(EXLCZ)993710000000563115 100 $a20160707d2016 || | 101 0 $aeng 135 $aur||||||||||| 181 $ctxt$2rdacontent 182 $cc$2rdamedia 183 $acr$2rdacarrier 200 00$aTolerance $ethe beacon of the enlightenment /$fedited and translated by Caroline Warman 210 $cOpen Book Publishers$d2016 210 1$aCambridge, England :$cOpen Book Publishers,$d2016. 215 $a1 online resource (132 pages) 225 1 $aOpen Book Classics 311 $a1-78374-204-6 311 $a1-78374-203-8 327 $aIntroduction by Caroline Warman -- Acknowledgements -- 1. The Declaration of the Rights of Man and the Citizen, 1789 -- 2. Voltaire, 'Prayer to God', from Treatise on Tolerance, 1763 -- 3. Three aphorisms from Denis Diderot, Philosophical Thoughts, 1746; Montesquieu, The Spirit of the Laws, 1748; and Voltaire, Portable Philosophical Dictionary, 1764 -- 4. Nicolas de Condorcet, 'On Admitting Women to the Rights of Citizenship', 1790 -- 5. John Locke, Letter on Toleration, 1686 -- 6. Denis Diderot, 'Aius Locutius', from the Encyclope?die, 1751 -- 7. Montesquieu, 'On the Enslavement of Negroes', from The Spirit of the Laws -- 8. Jean-Franc?ois Marmontel, 'Minds are not Enlightened by the Flames of an Executioner's Pyre', from Belisarius, 1767 -- 9. Three aphorisms from Diderot The Philosopher and Marshal ***'s Wife Have a Deep Chat, 1774; Jean-Jacques Rousseau, E?mile, or On Education, 1762; and Frederick the Great of Prussia -- 10. Abbe? Gre?goire, On Freedom of Worship, 1794 -- 11. Immanuel Kant, 'Dare to Know', from What is Enlightenment?, 1784 -- 12. Pierre-Augustin Caron de Beaumarchais, The Marriage of Figaro, 1784 -- 13. Pierre Bayle, On Tolerance, or A philosophical Commentary on these Words of the Gospel, Luke XIV. 23, Compel Them to Come in, 1686 -- 14. Alexandre Deleyre, 'Fanaticism', from the Encyclope?die,1756 -- 15. Four aphorisms from Louis de Jaucourt, 'Intolerant', from the Encyclope?die, 1765;William Warburton, Essay on Egyptian Hieroglyphics, 1744; Rousseau, E?mile, or On Education; and Anon., 'Refugees', from the Encyclope?die, 1765 -- 16. Jean le Rond d'Alembert, On the Suppression of the Jesuits, 1765 -- 17. Jeanne-Marie Roland, Personal Memoirs, 1795 -- 18. Evariste de Parny, The War of the Gods, 1799 -- 19. Olympe de Gouges, The Declaration of the Rights of Woman and the Female Citizen, 1791 -- 20. Pierre Bayle, On Tolerance, 1686 -- 21. Voltaire, La Henriade, 1723 -- 22. Three aphorisms from Diderot, The Eleutheromaniacs, 1772; Rousseau, The Social Contract, 1762; and Moses Mendelssohn, Morning Hours, 1786 -- 23. Montesquieu, The Persian Letters, 1721 -- 24. Abbe? Gre?goire, 'New Observations on the Jews and in Particular on the Jews of Amsterdam and Frankfurt', 1807 -- 25. Re?tif de la Bretonne, Paris Nights, 1788 -- 26. Three aphorisms from Diderot, Philosophical Thoughts; Cesare Beccaria, On Crimes and Punishments, 1786; and Rousseau, The Social Contract -- 27. Voltaire, Candide, 1759 -- 28. d'Alembert, 'Geometer', from the Encyclope?die, 1757 -- 29. Rabaut Saint-E?tienne, 'No Man Should Be Harassed for His Opinions nor Troubled in the Practice of His Religion', 1789 -- 30. Three aphorisms from Diderot, 'Letter to My Brother', 1760; Voltaire, Treatise on Metaphysics, 1735; and Rousseau, The Citizen, or An Address on Political Economy, 1765 -- 31. Diderot, Extract from a Letter to Princess Dashkova, 3 April 1771 -- 32. Voltaire, 'Free Thinking', from Dictionaryof Philosophy, 1764 -- 33. Jacques-Henri Bernardin de Saint-Pierre, 'Reflections on Slavery', from A Voyage to the Island of Mauritius, 1773 -- 34. Pierre de Marivaux, The French Spectator, 5 October 1723 -- 35. Louis-Alexandre Deve?rite?, Collected Documents of Interest on the Case of the Desecration of the Abbeville Crucifix, which Occurred on 9th August 1765, 1776 -- 36. Anon., The Private and Public Life of the Posterior Marquis de Villette, Retroactive Citizen, 1791 -- 37. Three aphorisms from Diderot, Philosophical Thoughts; Marivaux, The French Spectator; and Pierre Jean George Cabanis, On Sympathy, 1802 -- 38. Leandro Ferna?ndez de Morati?n, 'A Philanthropic Congregation', 1811 -- 39. Montesquieu, The Spirit of the Laws -- 40. Voltaire, 'On Universal Tolerance', 1763 -- 41. Three aphorisms from Diderot, Philosophical Thoughts; Marivaux, The French Spectator; and Voltaire, 'Fanaticisme', from Portable Philosophical Dictionary -- 42. Condorcet, Anti-superstitious Almanack, 1773-1774 -- 43. Montesquieu, Persian Letters -- 44. Jose? Cadalso y Va?zquezde Andrade, Defence of the Spanish Nation against Persian Letter 78 by Montesquieu, 1775 -- 45. Nicolas-Edme Re?tif, known as Re?tif de la Bretonne, Ninth Juvenal. The False Immorality of the Freedom of the Press, 1796 -- 46. Condorcet, Anti-superstitious Almanack 47. Gotthold Ephraim Lessing, Nathan the Wise, 1779 -- 48. Three aphorisms from Germaine de Stae?l, Reflections on the French Revolution, 1818; Beccaria, On Crimes and Punishments; and Rousseau, Reveries of a Solitary Walker, 1782 -- 49. Luis Guttie?rez, Cornelia Bororquia, or the Inquisition's Victim, 1801 -- 50. Bernardin de Saint-Pierre, 'Fraternal Harmonies', 1815 -- 51. Diderot, Supplement to Bougainville's Voyage, 1772 -- 52. Louis de Rouvroy, Duc de Saint-Simon, Memoirs, posthumous -- 53. Three aphorisms from Alexandre Deleyre, 'Fanaticism', from the Encyclope?die; Olaudah Equiano, The Interesting Narrative of the Life of Olaudah Equiano, or Gustavus Vassa, the African, 1789; and Voltaire, Letter to Jean Le Rond d'Alembert, 9 November 1764 -- 54. Helve?tius, Essays on the Mind, 1758 -- 55. Louis-Se?bastien Mercier, Portrait of Paris, 1781 -- 56. Juan Pablo Forner, In Praise of Spain and its Literary Merit, 1786 -- 57. Jean-Pierre Claris de Florian, 'The Two Persians', 1792 -- 58. Three aphorisms from Rousseau, E?mile, or on Education; Voltaire, Letter to the King of Prussia, 20 December 1740; and Jaucourt, 'Tolerance', censored article from the Encyclope?die -- 59. Voltaire, On the Horrible Danger of Reading, 1765. 330 $aInspired by Voltaire?s advice that a text needs to be concise to have real influence, this anthology contains fiery extracts by forty eighteenth-century authors, from the most famous philosophers of the age to those whose brilliant writings are less well-known. These passages are immensely diverse in style and topic, but all have in common a passionate commitment to equality, freedom, and tolerance. Each text resonates powerfully with the issues our world faces today. Tolerance was first published by the Société française d?étude du dix-huitième siècle (the French Society for Eighteenth-Century Studies) in the wake of the Charlie Hebdo assassinations in January 2015 as an act of solidarity and as a response to the surge of interest in Enlightenment values. With the support of the British Society for Eighteenth-Century Studies, it has now been translated by over 100 students and tutors of French at Oxford University. 606 $aEnlightenment$zFrance 606 $aToleration 606 $aPhilosophy, French$y18th century 607 $aFrance$xIntellectual life$y18th century 610 $aanthology 610 $aenlightenment 610 $atolerance 610 $afreedom 610 $aphilosophers 610 $aequality 610 $aDenis Diderot 610 $aFrance 610 $aGod 610 $aJean-Jacques Rousseau 610 $aVoltaire 615 0$aEnlightenment 615 0$aToleration. 615 0$aPhilosophy, French 700 $aWarman$b Caroline$4edt$0441850 702 $aWarman$b Caroline 801 0$bWaSeSS 801 1$bWaSeSS 906 $aBOOK 912 $a9910213855003321 996 $aTolerance$93361432 997 $aUNINA LEADER 01629nam0 22003611i 450 001 UON00045497 005 20231205102204.491 010 $a18-606-4407-4 100 $a20020107d1999 |0itac50 ba 101 $aeng 102 $aGB 105 $a|||| 1|||| 200 1 $aReligion and war in revolutionary Iran$fSaskia Gieling 210 $aLondon$aNew York$cI.B. Tauris$d1999 215 $aVIII, 205 p.$d22 cm 316 $aFatt. PU1030412 16.12.99$5IT-UONSI IRAIVBB/169 N 606 $aIRAN$xSTORIA$xREPUBBLICA ISLAMICA$3UONC005475$2FI 606 $aISLAM$xJihad$3UONC008637$2FI 620 $aUS$dNew York$3UONL000050 620 $aGB$dLondon$3UONL003044 686 $aIRA IV BB$cIRAN - STORIA GENERALE - PERIODO MODERNO E CONTEMPORANEO (DAI SAFAVIDI A OGGI)$2A 700 1$aGIELING$bSaskia$3UONV029441$0649366 712 $aTauris$3UONV245873$4650 801 $aIT$bSOL$c20241220$gRICA 899 $aSIBA - SISTEMA BIBLIOTECARIO DI ATENEO$2UONSI 912 $aUON00045497 950 $aSIBA - SISTEMA BIBLIOTECARIO DI ATENEO$dSI IRA IV BB 169 N $eSI SA 92008 7 169 N Fatt. PU1030412 16.12.99 966 $aREPUBBLICA ISLAMICA$zIRAN - STORIA - REPUBBLICA ISLAMICA$3UONC005864 966 $aDIRITTI UMANI - Iran - Sec. 20$yIRAN - STORIA - REPUBBLICA ISLAMICA$3UONC003727 966 $aIRAN - REPUBBLICA ISLAMICA - BIBLIOGRAFIA$yIRAN - STORIA - REPUBBLICA ISLAMICA$3UONC000524 966 $aSCIISMO - IRAN$yIRAN - STORIA - REPUBBLICA ISLAMICA$3UONC000173 996 $aReligion and war in revolutionary Iran$91158317 997 $aUNIOR